| 000 | 00611nam a2200157 i 4500 | ||
|---|---|---|---|
| 001 | 190254 | ||
| 003 | ES-MaACL | ||
| 005 | 20230906223659.0 | ||
| 008 | 201002s1841 sp |||| | spa d | ||
| 245 | 0 | 0 | _aTratado de paz y amistad concluído entre España y la República del Ecuador en 16 de febrero de 1840. |
| 260 |
_a[S.l.] : _b[s.n.], _c1841 ( _eMadrid : _fEn la Imp. Nacional) |
||
| 300 |
_a21 p. ; _c21 cm. |
||
| 651 | 4 |
_aEspaña- _xRelaciones- _zEcuador- _vTratados, convenios, etc. _9170370 |
|
| 651 | 4 |
_aEcuador- _xRelaciones- _zEspaña- _vTratados, convenios, etc. _9170371 |
|
| 852 |
_aES-MaACL _jT-573-F-6 |
||
| 999 |
_c190254 _d190254 |
||